| 000 -LEADER | |
|---|---|
| fixed length control field | 00399nam a22001697a 4500 |
| 005 - DATE AND TIME OF LATEST TRANSACTION | |
| control field | 20170916125835.0 |
| 008 - FIXED-LENGTH DATA ELEMENTS--GENERAL INFORMATION | |
| fixed length control field | 170916b xxu||||| |||| 00| 0 eng d |
| 020 ## - INTERNATIONAL STANDARD BOOK NUMBER | |
| ISBN | 978-0-19-8085-41-6 |
| 041 ## - LANGUAGE CODE | |
| Language code of text/sound track or separate title | eng |
| 082 ## - DEWEY DECIMAL CLASSIFICATION NUMBER | |
| Classification number | 384.558 |
| 100 ## - MAIN ENTRY--AUTHOR NAME | |
| Personal name | BELAVADI, VASUKI |
| 245 ## - TITLE STATEMENT | |
| Title | VIDEO PRODUCTION |
| 250 ## - EDITION STATEMENT | |
| Edition statement | 2nd, 2003 |
| 260 ## - PUBLICATION, DISTRIBUTION, ETC. (IMPRINT) | |
| Name of publisher | OXFORD UNIVERSITY PRESS |
| Year of publication | 2008 |
| 300 ## - PHYSICAL DESCRIPTION | |
| Number of Pages | 408p. |
| 942 ## - ADDED ENTRY ELEMENTS (KOHA) | |
| Koha item type | Books |
| Lost status | Damaged status | Home library | Current library | Shelving location | Date acquired | Source of acquisition | Cost, normal purchase price | Full call number | Accession Number | Koha item type | Collection code |
|---|---|---|---|---|---|---|---|---|---|---|---|
| JRU Library | SHELF-6-D | 16/09/2017 | PURCHESS | 550.00 | 384.558 | 21975 | Books | ||||
| JRU Library | JRU Library | SHELF -72- G | 16/09/2017 | PURCHESS | 550.00 | 384.558 | 21976 | Books | CS/IT |